Son v nachale tumana : Ineĭ na poroge : Metatelʹnit︠s︡a garpuna /

Bibliographic Details
Main Author: Rytkhėu, I︠U︡riĭ, 1930-2008
Format: Book
Language:Russian
Published: Leningrad : Khudozh. lit-ry, Leningradskoe otd-nie, 1976.

MARC

Tag First Indicator Second Indicator Subfields
LEADER 00000cam a2200000M 4500
001 in00002003200
005 20151031142944.0
008 900615s1976 ru 000 0 rusrd
020 |c 1.40rub 
035 |a (OCoLC)ocm29268428 
040 |a HUH  |c HUH  |d MIA  |d TXA  |d UtOrBLW 
049 |a TXAM 
090 |a PG3476.R965  |b S6 1976 
100 1 |a Rytkhėu, I︠U︡riĭ,  |d 1930-2008. 
245 1 0 |a Son v nachale tumana :  |b Ineĭ na poroge : Metatelʹnit︠s︡a garpuna /  |c I︠U︡riĭ Rytkhėu. 
264 1 |a Leningrad :  |b Khudozh. lit-ry, Leningradskoe otd-nie,  |c 1976. 
300 |a 723 pages :  |b illustrations ;  |c 21 cm. 
336 |a text  |b txt  |2 rdacontent 
337 |a unmediated  |b n  |2 rdamedia 
338 |a volume  |b nc  |2 rdacarrier 
505 0 |a Son v nachale tumana -- Ineĭ na poroge -- Metatelʹnit︠a︡ garpuna. 
740 0 |a Metatelʹnit︠s︡a garpuna. 
740 0 |a Ineĭ na poroge. 
948 |a cataloged  |b h  |c 2004/11/19  |d c  |e tchubaryan  |f 10:24:12 am 
994 |a E0  |b TXA 
999 |a MARS 
999 f f |s 78d4a981-b50d-3e9f-9b72-15c6a35f7b54  |i 376ae647-86c7-3c38-ae61-da015dd218fa  |t 0 
952 f f |p ric  |a Texas A&M University  |b Rellis Campus  |c Joint Library Facility  |d Remote Storage  |t 0  |e PG3476.R965 S6 1976  |h Library of Congress classification  |i unmediated -- volume  |m A14831632104 
998 f f |a PG3476.R965 S6 1976  |t 0  |l Remote Storage